期刊信息 |
| 索取号 |
N5/DLSHZH
|
| 题名 |
大理师专学报
|
| 作者 |
大理师专学报编辑部
|
| 分册号 |
|
| 分册名 |
|
| 出版地 |
云南大理
|
| 出版者 |
大理师专学报编辑部
|
| 标准刊号 |
|
| 出版频率 |
季刊
|
| 中图法分类 |
N5
|
| 主题词 |
自然科学 丛书; 自然科学 文集; 自然科学 连续出版物
|
| 电子资源 | |
| |
|
| 000 | 00679nam0 2200217 450 | |
| 001 | 0739568123 | |
| 005 | 20070723110102.50 | |
| 011 | @dCNY3.00(1996) | |
| 100 | @a20070723d km y0chiy0120 ea | |
| 101 | 0 | @achi |
| 200 | 1 | @a大理师专学报@ADa Li Shi Zhuan Xue Bao@i自然科学版@f大理师专学报编辑部@FDa Li Shi Zhuan Xue Bao Bian Ji Bu |
| 210 | @a云南大理@c大理师专学报编辑部 | |
| 326 | @a季刊 | |
| 517 | 1 | @a自然科学版@AZi Ran Ke Xue Ban |
| 606 | 0 | @a自然科学@x丛书 |
| 606 | 0 | @a自然科学@x文集 |
| 606 | 0 | @a自然科学@x连续出版物 |
| 690 | @aN5@v4 | |
| 711 | 02 | @a大理师专学报编辑部@ADa Li Shi Zhuan Xue Bao Bian Ji Bu |
| 801 | 0 | @aCN@bNISOFT@c20070723 |
| 905 | @a10447@dN5@eDLSHZH | |
| 大理师专学报.自然科学版/大理师专学报编辑部.-云南大理:大理师专学报编辑部 |
| CNY3.00(1996) |
| ● |
| 相关链接: |
|
|
|
|